000
00223nam a2200097Ia 4500
008
240331s9999 xx 000 0 und d
082
_b
MOR
100
_a
Morris,B
245
0
_a
Western conceptions of the individual
942
_c
L
999
_c
2203
_d
2203